000
00327nam a2200145Ia 4500
005
20251222152658.0
008
251222s9999||||xx |||||||||||||| ||spa||
020
_a
968190284X
082
_a
863.64/M27
100
_a
Mastetta, Ángeles
245
0
_a
Mal de Amores
250
_a
1ra. ed.
264
_b
Alfaguara
942
_c
LIB
999
_c
28726
_d
28726